[Event "Blitz 2018"]
[Site "Saint-Petersburg"]
[Date "2018.12.29"]
[Round "10"]
[Board "41"]
[White "Abdusattorov Nodirbek (UZB)"]
[Black "Savchenko Boris (RUS)"]
[Result "0-1"]
[LiveChessVersion "1.4.8"]
[BlackElo "2639"]
[WhiteElo "2469"]

1. e4 {[%clk 0:03:02]} e6 {[%clk 0:03:04]} 2. d3 {[%clk 0:03:01]} d5
{[%clk 0:03:04]} 3. Qe2 {[%clk 0:03:02]} c5 {[%clk 0:03:04]} 4. Nf3
{[%clk 0:02:58]} Nc6 {[%clk 0:03:05]} 5. g3 {[%clk 0:02:57]} Nge7
{[%clk 0:03:02]} 6. Bg2 {[%clk 0:02:57]} g6 {[%clk 0:03:02]} 7. O-O
{[%clk 0:02:55]} Bg7 {[%clk 0:03:03]} 8. c3 {[%clk 0:02:56]} Qc7 {[%clk 0:02:50]}
9. Bf4 {[%clk 0:02:40]} e5 {[%clk 0:02:31]} 10. exd5 {[%clk 0:02:40]} exf4
{[%clk 0:02:26]} 11. dxc6 {[%clk 0:02:39]} O-O {[%clk 0:02:23]} 12. cxb7
{[%clk 0:02:20]} Bxb7 {[%clk 0:02:24]} 13. Na3 {[%clk 0:02:20]} fxg3
{[%clk 0:02:20]} 14. hxg3 {[%clk 0:02:20]} Rab8 {[%clk 0:02:21]} 15. Nc4
{[%clk 0:02:17]} Nf5 {[%clk 0:02:15]} 16. Rfe1 {[%clk 0:02:15]} Bc6
{[%clk 0:02:12]} 17. Nfd2 {[%clk 0:02:11]} Bb5 {[%clk 0:02:12]} 18. Qf3
{[%clk 0:02:04]} h5 {[%clk 0:02:10]} 19. a4 {[%clk 0:02:04]} Bd7 {[%clk 0:02:08]}
20. Qd5 {[%clk 0:01:42]} Rfd8 {[%clk 0:02:05]} 21. Qf3 {[%clk 0:01:30]} Be6
{[%clk 0:02:03]} 22. Rxe6 {[%clk 0:01:16]} fxe6 {[%clk 0:02:04]} 23. Re1
{[%clk 0:01:17]} Qd7 {[%clk 0:02:02]} 24. Qe4 {[%clk 0:01:13]} e5
{[%clk 0:01:52]} 25. Nxe5 {[%clk 0:00:45]} Bxe5 {[%clk 0:01:53]} 26. Qxe5
{[%clk 0:00:44]} Re8 {[%clk 0:01:54]} 27. Qd5+ {[%clk 0:00:44]} Qxd5
{[%clk 0:01:54]} 28. Bxd5+ {[%clk 0:00:45]} Kg7 {[%clk 0:01:52]} 29. Rxe8
{[%clk 0:00:44]} Rxe8 {[%clk 0:01:53]} 30. Ne4 {[%clk 0:00:45]} Rd8
{[%clk 0:01:36]} 31. Bc4 {[%clk 0:00:44]} Rc8 {[%clk 0:01:28]} 32. Kg2
{[%clk 0:00:41]} Nh6 {[%clk 0:01:08]} 33. Nd6 {[%clk 0:00:41]} Rc6
{[%clk 0:01:07]} 34. Ne4 {[%clk 0:00:32]} Ng4 {[%clk 0:01:07]} 35. Bb5
{[%clk 0:00:27]} Rc7 {[%clk 0:01:06]} 36. Kf3 {[%clk 0:00:26]} Nf6
{[%clk 0:00:41]} 37. Ng5 {[%clk 0:00:26]} Re7 {[%clk 0:00:41]} 38. Bc4
{[%clk 0:00:26]} Nd7 {[%clk 0:00:36]} 39. Kg2 {[%clk 0:00:17]} Kf6
{[%clk 0:00:34]} 40. Ne4+ {[%clk 0:00:18]} Kf5 {[%clk 0:00:32]} 41. f4
{[%clk 0:00:18]} Nb6 {[%clk 0:00:29]} 42. Ba6 {[%clk 0:00:19]} c4
{[%clk 0:00:13]} 43. a5 {[%clk 0:00:15]} cxd3 {[%clk 0:00:13]} 44. Bxd3
{[%clk 0:00:13]} Nd5 {[%clk 0:00:12]} 45. Kf3 {[%clk 0:00:12]} Ke6
{[%clk 0:00:11]} 46. b4 {[%clk 0:00:11]} Rc7 {[%clk 0:00:11]} 47. Nc5+
{[%clk 0:00:10]} Kf6 {[%clk 0:00:11]} 48. Ne4+ {[%clk 0:00:11]} Ke7
{[%clk 0:00:11]} 49. Nc5 {[%clk 0:00:12]} Nxc3 {[%clk 0:00:11]} 50. Bxg6
{[%clk 0:00:13]} Nd5 {[%clk 0:00:12]} 51. Nd3 {[%clk 0:00:14]} Rc3
{[%clk 0:00:11]} 52. Ke4 {[%clk 0:00:11]} Nxb4 {[%clk 0:00:11]} 53. Nxb4
{[%clk 0:00:09]} Rc4+ {[%clk 0:00:13]} 54. Kf3 {[%clk 0:00:06]} Rxb4
{[%clk 0:00:13]} 55. Bxh5 {[%clk 0:00:08]} Rb5 {[%clk 0:00:15]} 56. Bg6
{[%clk 0:00:09]} Rxa5 {[%clk 0:00:14]} 57. Ke2 {[%clk 0:00:09]} Rd5
{[%clk 0:00:14]} 58. Be4 {[%clk 0:00:10]} Rd4 {[%clk 0:00:14]} 59. Ke3
{[%clk 0:00:11]} Rd1 {[%clk 0:00:12]} 60. g4 {[%clk 0:00:12]} a5 {[%clk 0:00:12]}
61. Bc2 {[%clk 0:00:13]} Rg1 {[%clk 0:00:12]} 62. g5 {[%clk 0:00:14]} Kd6
{[%clk 0:00:09]} 63. g6 {[%clk 0:00:14]} Kd5 {[%clk 0:00:08]} 64. f5
{[%clk 0:00:14]} Ke5 {[%clk 0:00:08]} 65. Kd2 {[%clk 0:00:14]} Rg3
{[%clk 0:00:06]} 66. Kc1 {[%clk 0:00:14]} Rc3 {[%clk 0:00:04]} 67. Kb2
{[%clk 0:00:15]} Rc7 {[%clk 0:00:05]} 68. Kb3 {[%clk 0:00:15]} a4+
{[%clk 0:00:06]} 69. Kb2 {[%clk 0:00:04]} a3+ {[%clk 0:00:07]} 70. Kb1
{[%clk 0:00:04]} a2+ 71. Ka1 Rxc2 72. f6 Kxf6 {[%clk 0:00:07]} 0-1

[Event "Blitz 2018"]
[Site "Saint-Petersburg"]
[Date "2018.12.29"]
[Round "10"]
[Board "42"]
[White "Iljiushenok Ilia (RUS)"]
[Black "Christiansen Johan-Sebastian (NOR)"]
[Result "0-1"]
[LiveChessVersion "1.4.8"]
[BlackElo "2635"]
[WhiteElo "2467"]

1. e4 {[%clk 0:03:03]} e5 {[%clk 0:03:01]} 2. Nf3 {[%clk 0:03:04]} Nc6
{[%clk 0:03:02]} 3. d4 {[%clk 0:03:04]} exd4 {[%clk 0:03:03]} 4. Nxd4
{[%clk 0:03:05]} Nf6 {[%clk 0:03:04]} 5. Nxc6 {[%clk 0:03:06]} bxc6
{[%clk 0:03:05]} 6. e5 {[%clk 0:03:07]} Qe7 {[%clk 0:03:05]} 7. Qe2
{[%clk 0:03:08]} Nd5 {[%clk 0:03:06]} 8. c4 {[%clk 0:03:08]} Nb6 {[%clk 0:03:06]}
9. b3 {[%clk 0:03:09]} a5 {[%clk 0:03:03]} 10. g3 {[%clk 0:03:06]} a4
{[%clk 0:03:02]} 11. Ba3 {[%clk 0:03:06]} Qe6 {[%clk 0:02:52]} 12. Bg2
{[%clk 0:03:05]} axb3 {[%clk 0:02:48]} 13. axb3 {[%clk 0:03:05]} Bb4+
{[%clk 0:02:48]} 14. Bxb4 {[%clk 0:03:03]} Rxa1 {[%clk 0:02:48]} 15. O-O
{[%clk 0:03:02]} Bb7 {[%clk 0:02:21]} 16. Qb2 {[%clk 0:02:59]} Ra7
{[%clk 0:02:14]} 17. Bc5 {[%clk 0:03:00]} Kd8 {[%clk 0:01:41]} 18. Qd4
{[%clk 0:02:50]} Kc8 {[%clk 0:01:37]} 19. Nc3 {[%clk 0:02:47]} Re8
{[%clk 0:01:34]} 20. f4 {[%clk 0:02:42]} f6 {[%clk 0:01:33]} 21. Re1
{[%clk 0:02:11]} fxe5 {[%clk 0:01:33]} 22. fxe5 {[%clk 0:02:02]} Ra6
{[%clk 0:01:22]} 23. Ne4 {[%clk 0:01:52]} Kb8 {[%clk 0:01:13]} 24. Ng5
{[%clk 0:01:26]} Qg6 {[%clk 0:01:11]} 25. Nf3 {[%clk 0:01:07]} Ra2
{[%clk 0:01:01]} 26. Nh4 {[%clk 0:00:37]} Qc2 {[%clk 0:00:58]} 27. Bxb6
{[%clk 0:00:22]} cxb6 {[%clk 0:00:59]} 28. Qxb6 {[%clk 0:00:23]} Rf8
{[%clk 0:00:39]} 29. Kh1 {[%clk 0:00:13]} Qd2 {[%clk 0:00:37]} 30. Rb1
{[%clk 0:00:08]} g5 {[%clk 0:00:38]} 31. e6 {[%clk 0:00:05]} gxh4
{[%clk 0:00:36]} 0-1

[Event "Blitz 2018"]
[Site "Saint-Petersburg"]
[Date "2018.12.29"]
[Round "10"]
[Board "43"]
[White "Tissir Mohamed (MAR)"]
[Black "Alekseev Evgeny (RUS)"]
[Result "1-0"]
[LiveChessVersion "1.4.8"]
[BlackElo "2634"]
[WhiteElo "2381"]

1. e4 {[%clk 0:03:03]} c5 {[%clk 0:03:03]} 2. Nc3 {[%clk 0:03:03]} e6
{[%clk 0:03:04]} 3. Nf3 {[%clk 0:03:04]} Nc6 {[%clk 0:03:03]} 4. d4
{[%clk 0:03:05]} cxd4 {[%clk 0:03:04]} 5. Nxd4 {[%clk 0:03:07]} a6
{[%clk 0:03:05]} 6. Nb3 {[%clk 0:03:06]} b5 {[%clk 0:02:58]} 7. Bd3
{[%clk 0:03:07]} Nf6 {[%clk 0:02:55]} 8. O-O {[%clk 0:03:08]} Be7
{[%clk 0:02:49]} 9. f4 {[%clk 0:03:09]} d6 {[%clk 0:02:49]} 10. Qf3
{[%clk 0:03:09]} Bb7 {[%clk 0:02:24]} 11. Bd2 {[%clk 0:03:11]} O-O
{[%clk 0:02:01]} 12. Rae1 {[%clk 0:03:12]} Nb4 {[%clk 0:01:54]} 13. Qh3
{[%clk 0:02:35]} Nxd3 {[%clk 0:01:54]} 14. cxd3 {[%clk 0:02:36]} Rc8
{[%clk 0:01:52]} 15. Kh1 {[%clk 0:02:05]} b4 {[%clk 0:01:46]} 16. Ne2
{[%clk 0:02:02]} a5 {[%clk 0:01:43]} 17. Nbd4 {[%clk 0:02:01]} Nd7
{[%clk 0:01:29]} 18. Rc1 {[%clk 0:01:49]} Nc5 {[%clk 0:01:27]} 19. Nb3
{[%clk 0:01:28]} a4 {[%clk 0:01:20]} 20. Nbd4 {[%clk 0:01:30]} Ba6
{[%clk 0:01:11]} 21. Rf3 {[%clk 0:01:31]} b3 {[%clk 0:00:35]} 22. a3
{[%clk 0:01:32]} Bf6 {[%clk 0:00:33]} 23. Rcf1 {[%clk 0:01:27]} Qd7
{[%clk 0:00:30]} 24. Bc3 {[%clk 0:01:22]} Rfe8 {[%clk 0:00:27]} 25. Rg3
{[%clk 0:01:18]} g6 {[%clk 0:00:18]} 26. Nf5 {[%clk 0:01:07]} Bxc3
{[%clk 0:00:15]} 27. Nh6+ {[%clk 0:01:08]} Kh8 {[%clk 0:00:12]} 28. Nxc3
{[%clk 0:01:09]} Qe7 {[%clk 0:00:06]} 29. Re1 {[%clk 0:01:06]} Qf6
{[%clk 0:00:06]} 30. Rf3 {[%clk 0:01:04]} Qg7 {[%clk 0:00:07]} 31. d4
{[%clk 0:01:03]} Nd7 {[%clk 0:00:06]} 32. e5 {[%clk 0:01:02]} d5 {[%clk 0:00:06]}
33. Qh4 {[%clk 0:01:01]} Rc4 {[%clk 0:00:04]} 34. Rd1 {[%clk 0:00:58]} Rec8
{[%clk 0:00:05]} 35. Rh3 {[%clk 0:00:59]} Bb7 {[%clk 0:00:04]} 36. Qe7
{[%clk 0:00:58]} R4c7 {[%clk 0:00:03]} 37. Nxf7+ Kg8 38. Nh6+ {[%clk 0:00:55]}
Kh8 {[%clk 0:00:06]} 39. Qxe6 {[%clk 0:00:46]} Nf8 {[%clk 0:00:07]} 40. Qb6
{[%clk 0:00:43]} Rxc3 {[%clk 0:00:06]} 41. bxc3 {[%clk 0:00:43]} Bc6
{[%clk 0:00:07]} 42. f5 {[%clk 0:00:41]} gxf5 {[%clk 0:00:07]} 43. Nxf5
{[%clk 0:00:37]} Qg4 {[%clk 0:00:08]} 44. Rf1 {[%clk 0:00:37]} Qe4
{[%clk 0:00:06]} 45. Qa7 {[%clk 0:00:35]} 1-0

[Event "Blitz 2018"]
[Site "Saint-Petersburg"]
[Date "2018.12.29"]
[Round "10"]
[Board "44"]
[White "Khismatullin Denis (RUS)"]
[Black "Drygalov Sergey (RUS)"]
[Result "1-0"]
[LiveChessVersion "1.4.8"]
[BlackElo "2428"]
[WhiteElo "2674"]

1. b3 {[%clk 0:03:03]} e5 {[%clk 0:03:02]} 2. Bb2 {[%clk 0:03:04]} Nc6
{[%clk 0:03:03]} 3. e3 {[%clk 0:03:06]} Nf6 {[%clk 0:03:00]} 4. c4
{[%clk 0:03:05]} g6 {[%clk 0:02:55]} 5. Nf3 {[%clk 0:03:03]} d6 {[%clk 0:02:55]}
6. d4 {[%clk 0:03:03]} exd4 {[%clk 0:02:49]} 7. Nxd4 {[%clk 0:03:04]} Bg7
{[%clk 0:02:30]} 8. Be2 {[%clk 0:03:04]} O-O {[%clk 0:02:31]} 9. O-O
{[%clk 0:03:05]} Bd7 {[%clk 0:02:29]} 10. Nc3 {[%clk 0:02:37]} Re8
{[%clk 0:02:26]} 11. Nf3 {[%clk 0:02:26]} Ne5 {[%clk 0:02:16]} 12. Qd2
{[%clk 0:02:17]} Bc6 {[%clk 0:02:04]} 13. Nd4 {[%clk 0:02:16]} a6
{[%clk 0:01:43]} 14. Rad1 {[%clk 0:02:13]} Bd7 {[%clk 0:01:29]} 15. Nd5
{[%clk 0:01:49]} c5 {[%clk 0:00:54]} 16. Nf3 {[%clk 0:00:41]} Nxd5
{[%clk 0:00:52]} 17. Bxe5 {[%clk 0:00:36]} Bxe5 {[%clk 0:00:27]} 18. Qxd5 Bc6 19.
Qd2 {[%clk 0:00:37]} Qc7 {[%clk 0:00:24]} 20. Qc2 {[%clk 0:00:24]} Rad8
{[%clk 0:00:18]} 21. Rd2 {[%clk 0:00:25]} Be4 {[%clk 0:00:12]} 22. Qc1
{[%clk 0:00:20]} d5 {[%clk 0:00:12]} 23. cxd5 {[%clk 0:00:11]} Rxd5
{[%clk 0:00:10]} 24. Rxd5 {[%clk 0:00:08]} Bxd5 {[%clk 0:00:11]} 25. Nxe5
{[%clk 0:00:08]} Rxe5 {[%clk 0:00:11]} 26. Rd1 {[%clk 0:00:08]} Bc6
{[%clk 0:00:06]} 27. Qd2 {[%clk 0:00:07]} Re7 {[%clk 0:00:05]} 28. h4
{[%clk 0:00:07]} Rd7 {[%clk 0:00:06]} 29. Qc1 {[%clk 0:00:07]} Rxd1+
{[%clk 0:00:07]} 30. Qxd1 {[%clk 0:00:08]} Qd7 {[%clk 0:00:07]} 31. Qc2
{[%clk 0:00:08]} Qe7 {[%clk 0:00:06]} 32. h5 {[%clk 0:00:08]} Qe4
{[%clk 0:00:04]} 33. Qxe4 {[%clk 0:00:08]} Bxe4 {[%clk 0:00:05]} 34. hxg6
{[%clk 0:00:05]} hxg6 {[%clk 0:00:07]} 35. f3 {[%clk 0:00:06]} Bb1
{[%clk 0:00:07]} 36. a3 {[%clk 0:00:07]} a5 {[%clk 0:00:08]} 37. a4
{[%clk 0:00:06]} Kf8 {[%clk 0:00:05]} 38. Kf2 {[%clk 0:00:05]} Ke7
{[%clk 0:00:06]} 39. e4 {[%clk 0:00:06]} f5 {[%clk 0:00:05]} 40. exf5
{[%clk 0:00:04]} Bxf5 {[%clk 0:00:04]} 41. Bc4 {[%clk 0:00:05]} Kf6
{[%clk 0:00:05]} 42. Ke3 {[%clk 0:00:05]} Ke5 {[%clk 0:00:05]} 43. g4
{[%clk 0:00:05]} Bd7 {[%clk 0:00:06]} 44. f4+ {[%clk 0:00:06]} Kf6
{[%clk 0:00:05]} 45. g5+ {[%clk 0:00:06]} Ke7 {[%clk 0:00:04]} 46. Ke4 Kd6 47.
Ke3 {[%clk 0:00:05]} Bf5 {[%clk 0:00:06]} 48. Bf7 {[%clk 0:00:04]} Bc2
{[%clk 0:00:07]} 49. Kd2 {[%clk 0:00:05]} Bf5 {[%clk 0:00:08]} 50. Kc3
{[%clk 0:00:06]} b6 {[%clk 0:00:06]} 51. Kc4 {[%clk 0:00:07]} Kc6
{[%clk 0:00:08]} 52. Be8+ {[%clk 0:00:07]} Kd6 {[%clk 0:00:08]} 53. Kb5
{[%clk 0:00:08]} Kc7 {[%clk 0:00:09]} 54. Ka6 {[%clk 0:00:08]} Bc2
{[%clk 0:00:07]} 55. Ka7 {[%clk 0:00:08]} Bd3 {[%clk 0:00:05]} 56. Bf7
{[%clk 0:00:08]} Bf5 57. Bd5 {[%clk 0:00:08]} Bc2 {[%clk 0:00:06]} 58. Be6
{[%clk 0:00:07]} Bd3 {[%clk 0:00:04]} 59. f5 {[%clk 0:00:07]} gxf5
{[%clk 0:00:05]} 60. g6 {[%clk 0:00:08]} f4 {[%clk 0:00:06]} 61. g7
{[%clk 0:00:09]} Bh7 {[%clk 0:00:06]} 62. g8=Q {[%clk 0:00:10]} Bxg8
{[%clk 0:00:05]} 63. Bxg8 {[%clk 0:00:11]} f3 {[%clk 0:00:04]} 64. Bc4
{[%clk 0:00:11]} f2 {[%clk 0:00:03]} 65. Bb5 {[%clk 0:00:10]} c4 {[%clk 0:00:03]}
66. Bxc4 Kc6 67. Bb5+ {[%clk 0:00:05]} Kc5 {[%clk 0:00:06]} 68. Ka6
{[%clk 0:00:04]} 1-0

[Event "Blitz 2018"]
[Site "Saint-Petersburg"]
[Date "2018.12.29"]
[Round "10"]
[Board "45"]
[White "Yu Yangyi (CHN)"]
[Black "Popov Valerij (RUS)"]
[Result "0-1"]
[LiveChessVersion "1.4.8"]
[BlackElo "2574"]
[WhiteElo "2804"]

1. d4 {[%clk 0:03:03]} d5 {[%clk 0:03:03]} 2. c4 {[%clk 0:03:05]} e6
{[%clk 0:03:04]} 3. Nc3 {[%clk 0:03:05]} Bb4 {[%clk 0:03:05]} 4. Nf3
{[%clk 0:03:05]} dxc4 {[%clk 0:03:06]} 5. g3 {[%clk 0:02:48]} b5 {[%clk 0:03:01]}
6. Bg2 {[%clk 0:02:39]} Bb7 {[%clk 0:03:01]} 7. O-O {[%clk 0:02:39]} a6
{[%clk 0:02:56]} 8. a4 {[%clk 0:02:40]} c6 {[%clk 0:02:56]} 9. Ne5
{[%clk 0:02:38]} f6 {[%clk 0:02:55]} 10. Ng4 {[%clk 0:02:30]} h5 {[%clk 0:02:53]}
11. Ne3 {[%clk 0:02:31]} Nd7 {[%clk 0:02:39]} 12. Bd2 {[%clk 0:02:11]} Bxc3
{[%clk 0:02:33]} 13. bxc3 {[%clk 0:02:08]} Ne7 {[%clk 0:02:33]} 14. Qb1
{[%clk 0:01:59]} Qc7 {[%clk 0:02:22]} 15. Bc1 {[%clk 0:01:37]} h4
{[%clk 0:02:20]} 16. Ba3 {[%clk 0:01:38]} hxg3 {[%clk 0:02:13]} 17. fxg3
{[%clk 0:01:37]} Kf7 {[%clk 0:02:04]} 18. Bxe7 {[%clk 0:01:14]} Kxe7
{[%clk 0:02:05]} 19. Qg6 {[%clk 0:01:15]} Rag8 {[%clk 0:02:05]} 20. Qe4
{[%clk 0:01:05]} Kf7 {[%clk 0:01:54]} 21. Rab1 {[%clk 0:01:00]} Ba8
{[%clk 0:01:52]} 22. Qc2 {[%clk 0:00:55]} Qd6 {[%clk 0:01:48]} 23. Rbd1
{[%clk 0:00:49]} Nb6 {[%clk 0:01:47]} 24. Ng4 {[%clk 0:00:45]} Ke7
{[%clk 0:01:26]} 25. e4 {[%clk 0:00:45]} Qd8 {[%clk 0:01:17]} 26. Ne3
{[%clk 0:00:41]} Qc7 {[%clk 0:01:10]} 27. d5 {[%clk 0:00:36]} cxd5
{[%clk 0:01:09]} 28. exd5 {[%clk 0:00:38]} Nxd5 {[%clk 0:00:55]} 29. Nxd5+
{[%clk 0:00:35]} Bxd5 {[%clk 0:00:52]} 30. Bxd5 {[%clk 0:00:33]} Qc5+
{[%clk 0:00:53]} 31. Kg2 {[%clk 0:00:31]} exd5 {[%clk 0:00:53]} 32. Qf5
{[%clk 0:00:27]} Kd6 {[%clk 0:00:48]} 33. axb5 {[%clk 0:00:24]} axb5
{[%clk 0:00:47]} 34. Ra1 {[%clk 0:00:20]} Ra8 {[%clk 0:00:45]} 35. Rfe1
{[%clk 0:00:21]} Rxa1 {[%clk 0:00:34]} 36. Qe6+ {[%clk 0:00:20]} Kc7
{[%clk 0:00:35]} 37. Rxa1 {[%clk 0:00:21]} d4 {[%clk 0:00:30]} 38. Qf7+
{[%clk 0:00:18]} Kb6 {[%clk 0:00:11]} 39. Qa7+ {[%clk 0:00:16]} Kc6
{[%clk 0:00:12]} 40. Ra6+ {[%clk 0:00:17]} Kd5 {[%clk 0:00:14]} 41. Qd7+
{[%clk 0:00:07]} Ke4 {[%clk 0:00:13]} 42. cxd4 {[%clk 0:00:06]} Qh5
{[%clk 0:00:05]} 43. Qe6+ {[%clk 0:00:07]} Kd3 {[%clk 0:00:06]} 44. Ra3+
{[%clk 0:00:09]} c3 {[%clk 0:00:07]} 45. h4 {[%clk 0:00:06]} b4 {[%clk 0:00:07]}
46. Qa6+ {[%clk 0:00:06]} Ke3 {[%clk 0:00:07]} 47. Qe6+ {[%clk 0:00:06]} Kd3
{[%clk 0:00:08]} 48. Qa6+ {[%clk 0:00:08]} Kxd4 49. Qd6+ {[%clk 0:00:07]} Qd5+
{[%clk 0:00:09]} 50. Qxd5+ {[%clk 0:00:06]} Kxd5 {[%clk 0:00:10]} 51. Ra7
{[%clk 0:00:04]} Rc8 {[%clk 0:00:10]} 0-1

[Event "Blitz 2018"]
[Site "Saint-Petersburg"]
[Date "2018.12.29"]
[Round "10"]
[Board "46"]
[White "Popov Ivan (RUS)"]
[Black "Fedoseev Vladimir (RUS)"]
[Result "1/2-1/2"]
[LiveChessVersion "1.4.8"]
[BlackElo "2750"]
[WhiteElo "2560"]

1. e4 a6 2. d4 {[%clk 0:03:03]} e6 {[%clk 0:03:05]} 3. Nf3 {[%clk 0:03:01]} d5
{[%clk 0:03:06]} 4. exd5 {[%clk 0:03:01]} exd5 {[%clk 0:03:07]} 5. Bd3
{[%clk 0:03:02]} Nf6 {[%clk 0:03:07]} 6. O-O {[%clk 0:03:02]} Be7
{[%clk 0:03:09]} 7. h3 {[%clk 0:03:00]} O-O {[%clk 0:03:09]} 8. Bg5
{[%clk 0:02:53]} Nbd7 {[%clk 0:03:04]} 9. Nbd2 {[%clk 0:02:51]} Re8
{[%clk 0:03:05]} 10. Re1 {[%clk 0:02:49]} Nf8 {[%clk 0:03:04]} 11. c3
{[%clk 0:02:48]} Ne6 {[%clk 0:03:02]} 12. Bh4 {[%clk 0:02:20]} g6
{[%clk 0:02:53]} 13. Ne5 {[%clk 0:02:12]} c5 {[%clk 0:02:49]} 14. dxc5
{[%clk 0:02:10]} Nxc5 {[%clk 0:02:49]} 15. Bc2 {[%clk 0:02:06]} Be6
{[%clk 0:02:49]} 16. Qf3 {[%clk 0:02:03]} Kg7 {[%clk 0:02:35]} 17. Rad1
{[%clk 0:02:00]} Qb6 {[%clk 0:02:22]} 18. Nb3 {[%clk 0:01:49]} Nce4
{[%clk 0:02:22]} 19. Re2 {[%clk 0:01:41]} Qc7 {[%clk 0:01:28]} 20. Nd3
{[%clk 0:01:27]} Bd6 {[%clk 0:01:26]} 21. Bxf6+ {[%clk 0:01:20]} Nxf6
{[%clk 0:01:26]} 22. Nd4 {[%clk 0:01:20]} Bd7 {[%clk 0:01:26]} 23. Rxe8
{[%clk 0:01:03]} Rxe8 {[%clk 0:01:27]} 24. Re1 {[%clk 0:01:04]} Re4
{[%clk 0:01:07]} 25. Qd1 {[%clk 0:00:58]} b5 {[%clk 0:01:02]} 26. a3
{[%clk 0:00:54]} h5 {[%clk 0:00:59]} 27. Nb4 {[%clk 0:00:54]} Rxe1+
{[%clk 0:00:57]} 28. Qxe1 {[%clk 0:00:55]} a5 {[%clk 0:00:57]} 29. Nd3
{[%clk 0:00:55]} Qc4 {[%clk 0:00:36]} 30. Ne5 {[%clk 0:00:49]} Qc7
{[%clk 0:00:36]} 31. Nxd7 {[%clk 0:00:45]} Qxd7 {[%clk 0:00:38]} 32. Bd3
{[%clk 0:00:43]} b4 {[%clk 0:00:36]} 33. cxb4 {[%clk 0:00:43]} axb4
{[%clk 0:00:38]} 34. axb4 {[%clk 0:00:44]} Qa4 {[%clk 0:00:37]} 35. b3
{[%clk 0:00:36]} 1/2-1/2

[Event "Blitz 2018"]
[Site "Saint-Petersburg"]
[Date "2018.12.29"]
[Round "10"]
[Board "47"]
[White "Bocharov Ivan (RUS)"]
[Black "Frolyanov Dmitry (RUS)"]
[Result "1/2-1/2"]
[LiveChessVersion "1.4.8"]
[BlackElo "2557"]
[WhiteElo "2715"]

1. e4 {[%clk 0:03:04]} e5 {[%clk 0:03:03]} 2. Nf3 {[%clk 0:03:05]} Nf6
{[%clk 0:03:04]} 3. Nc3 {[%clk 0:03:05]} Nc6 {[%clk 0:03:04]} 4. d4
{[%clk 0:03:03]} exd4 {[%clk 0:03:05]} 5. Nxd4 {[%clk 0:03:04]} Bb4
{[%clk 0:03:05]} 6. Nxc6 {[%clk 0:03:05]} bxc6 {[%clk 0:03:06]} 7. Bd3
{[%clk 0:03:06]} d5 {[%clk 0:03:06]} 8. exd5 {[%clk 0:03:08]} cxd5
{[%clk 0:03:08]} 9. O-O {[%clk 0:03:08]} O-O {[%clk 0:03:06]} 10. h3
{[%clk 0:03:09]} c6 {[%clk 0:02:59]} 11. Qf3 {[%clk 0:03:10]} Bd6
{[%clk 0:02:48]} 12. Bf4 {[%clk 0:03:10]} Rb8 {[%clk 0:02:44]} 13. b3
{[%clk 0:03:11]} Rb4 {[%clk 0:02:34]} 14. Bxd6 {[%clk 0:03:12]} Qxd6
{[%clk 0:02:35]} 15. Rfe1 {[%clk 0:03:10]} Be6 {[%clk 0:02:23]} 16. Qg3
{[%clk 0:03:04]} Qxg3 {[%clk 0:02:18]} 17. fxg3 {[%clk 0:03:05]} c5
{[%clk 0:02:12]} 18. Rad1 {[%clk 0:02:48]} Rc8 {[%clk 0:02:07]} 19. g4
{[%clk 0:02:28]} h6 {[%clk 0:02:07]} 20. Bf5 {[%clk 0:02:29]} Bxf5
{[%clk 0:01:55]} 21. gxf5 {[%clk 0:02:31]} d4 {[%clk 0:01:56]} 22. Ne4
{[%clk 0:02:30]} Nxe4 {[%clk 0:01:38]} 23. Rxe4 {[%clk 0:02:30]} a5
{[%clk 0:01:39]} 24. a4 {[%clk 0:02:11]} c4 {[%clk 0:01:28]} 25. Rexd4
{[%clk 0:02:07]} cxb3 {[%clk 0:01:24]} 26. Rd8+ {[%clk 0:02:08]} Rxd8
{[%clk 0:01:25]} 27. Rxd8+ {[%clk 0:02:09]} Kh7 {[%clk 0:01:25]} 28. cxb3
{[%clk 0:02:11]} Rxb3 {[%clk 0:01:22]} 29. Rd5 {[%clk 0:02:12]} Ra3
{[%clk 0:01:04]} 30. Rxa5 {[%clk 0:02:13]} Ra2 {[%clk 0:01:04]} 31. Ra7
{[%clk 0:02:09]} h5 {[%clk 0:01:04]} 32. h4 {[%clk 0:02:06]} Kh6 {[%clk 0:01:00]}
33. Kh2 {[%clk 0:02:04]} Ra3 {[%clk 0:01:00]} 34. a5 {[%clk 0:02:02]} g6
{[%clk 0:00:47]} 35. Ra6 {[%clk 0:01:58]} Ra4 {[%clk 0:00:33]} 36. g3
{[%clk 0:01:51]} Ra2+ {[%clk 0:00:32]} 37. Kg1 {[%clk 0:01:49]} Kh7
{[%clk 0:00:30]} 38. fxg6+ {[%clk 0:01:21]} fxg6 {[%clk 0:00:31]} 39. Ra8
{[%clk 0:01:22]} Kg7 40. a6 Kf6 {[%clk 0:00:30]} 41. Kf1 {[%clk 0:01:04]} Kf5
{[%clk 0:00:28]} 42. a7 {[%clk 0:01:00]} Kg4 {[%clk 0:00:28]} 43. Rg8
{[%clk 0:01:00]} Rxa7 {[%clk 0:00:26]} 44. Rxg6+ {[%clk 0:01:01]} Kf3
{[%clk 0:00:26]} 45. Ke1 {[%clk 0:01:02]} Ra1+ {[%clk 0:00:22]} 46. Kd2
{[%clk 0:01:04]} Rg1 {[%clk 0:00:22]} 47. Rf6+ {[%clk 0:01:03]} Kg4
{[%clk 0:00:14]} 48. Rg6+ {[%clk 0:00:59]} Kh3 {[%clk 0:00:15]} 49. Rg5 1/2-1/2